1383 1509 1397 1284 1577 1791 1369 1197 1675 1797 1406 1992 1182 1098 1627 1861 1646 1723 1602 1551 1657 1393 1829 1837 1536 1316 1546 1676 1165 1393 1501 1802 1623 1190 1532 1403 1082 1215 1387 1414 1687 1865 1036 1960 1314 1994 1607 1962 1320 1455 1893 1041 1654 1886 1310 1964 1030 1228 1368 1269 1542 1498 1058 1378 1612 1231 1690 1480 1530 1385 1667 1837 1177 1764 1253 1228 1296 1944 1187 1734 1153 1304 1237 1187 1151 1608 1922 1515 1509 1645 1312 1557 1600 1964 1822 1587 1662 1819 1676 BCNSPRNW ULIB Ver.6.0+V

เปลี่ยนเป็นภาษาไทย

Change to English
 แสดงรายละเอียดบรรณานุกรม
  กลับหน้าหลัก

Brief Record : Get Marc (ISO 2709) : E-mail record : QR code < ปิดหน้าต่าง
LEADER : 00000nam 2200000uu 4500
001    13399124344
003     ULIB
008    150511s2553||||th 000 0 tha d
020    ^a9786162141751
099    ^aนว ว257อ
100    ^aวรรณวรรธน์
245    ^aอขิทโร ลูกปัดสิเน่หา เล่ม 2
250    ^aพิมพ์ครั้งที่ 1
260    ^aกรุงเทพฯ :^bณ บ้านวรรณกรรม กรุ๊ป,^c2553
300    ^a282 หน้า
650    ^aวรรณวรรธน์^xนิยาย
945    ^p240^l0^i039388
999    ^aเกษร โพธิ์สุวรรณ
รายการนี้ยังไม่มีแท็ก
คุณยังไม่ได้ล็อกอิน คุณสามารถมีกิจกรรมร่วมกับเว็บไซต์ได้ แต่ต้องล็อกอินก่อน ::
  ล็อกอิน

รายการสื่อสารสนเทศ

ลำดับที่ ประเภท เลขเรียก/บาร์โค้ด สถานที่ สถานะ
1. นวนิยาย
นวนิยาย
นว ว257อ ฉ.1 
  Barcode: 039388
ห้องสมุดวิทยาเขตสวรรค์ประชารักษ์
►นวนิยาย
บนชั้น
  ขอยืม

รายการใกล้เคียง
    ผู้แต่ง [วรรณวรรธน์]

BibComment


ยังไม่เคยถูกคอมเมนท์

คอมเมนท์ทรัพยากรรายการนี้
  คอมเมนท์: อขิทโร ลูกปัดสิเ..


 Copyright 2026. Bcnsprnw @Library